Deutsche Fußballer in Italien - Statistiken

Allgemein
  • Dieses Quiz wurde 67 mal gespielt
  • Das Durchschnittsergebnis liegt bei 9 aus 25
Antwortstatistiken
Debüt in der Serie A Verein(e) Position Ligaspiele Spieler % Korrekt
1988 Inter Mailand Defensives Mittelfeld 115 Lothar Matthäus
82%
2011 Lazio Rom Mittelstürmer 139 Miroslav Klose
79%
2017 Atalanta Bergamo/ Inter Mailand/ AC Florenz Linker Verteidiger 209 Robin Gosens
76%
1987 AS Rom Mittelstürmer 142 Rudi Völler
74%
1991 Ascoli/ Udinese Calcio/ AC Mailand/ Chievo Verona Mittelstürmer 220 Oliver Bierhoff
68%
1989 Inter Mailand/ Sampdoria Genua Mittelstürmer 103 Jürgen Klinsmann
65%
2015 Juventus Turin Zentrales Mittelfeld 99 Sami Khedira
65%
1988 Inter Mailand Linker Verteidiger 116 Andreas Brehme
58%
1991 Juventus Turin Innenverteidiger 102 Jürgen Kohler
42%
1990 Juventus Turin/ AS Rom Offensives Mittelfeld 120 Thomas Häßler
35%
1990 Lazio Rom Mittelstürmer 84 Karl-Heinz Riedle
34%
2019 Sassuolo Calcio Rechter Verteidiger 131 Jeremy Toljan
32%
1962 Juventus Turin/ FC Bologna Hängende Spitze 295 Helmut Haller
29%
1963 AS Rom/ Mantova/ AC Mailand Linker Verteidiger 284 Karl-Heinz Schnellinger
29%
2023 Hellas Verona Zentrales Mittelfeld 67 Suat Serdar
23%
1984 Hellas Verona/ Sampdoria Genua Innenverteidiger 106 Hans-Peter Briegel
19%
1987 Hellas Verona/ AS Rom Innenverteidiger 114 Thomas Berthold
19%
1991 Lazio Rom/ Bari Offensives Mittelfed 78 Thomas Doll
15%
1962 Modena/ Brescia Hängende Spitze 107 Albert Brülls
6%
2018 FC Genua/ Hellas Verona/ Sampdoria Genua Innenverteidiger 126 Koray Günter
6%
1961 Catania/ Inter Mailand/ Varese Linkes Mittelfed 91 Horst Szymaniak
3%
1952 FC Torino Mittelfeld 127 Horst Buhtz
2%
2020 Udinese Calcio Offensives Mittelfeld 96 Tolgay Arslan
2%
2002 Udinese Calcio/ Genua FC/ Modena /Chievo Verona/ Cremonese Linker Verteidiger 83 Giuseppe Gemiti
0%
1949 AC Florenz/ Novara Sturm 115 Ludwig Janda
0%
Keine übereinstimmenden Quizze gefunden
Verteilung der Resultate
Anzahl Personen mit jedem Resultat
Perzentil nach korrekt beantworteten Fragen
Ihre Resultats-Entwicklung
Sie haben dieses Quiz noch nicht gespielt